000 02424nam0a2200373 4500
001 RU\NLR\BIBL_A\011739401
005 20181126152035.0
010 _a978-5-502-00996-6
_9100
021 _aRU
_bКН-П-18-038592
_9КН-П-18-2777
021 _aRU
_bКН-П-18-038592
_9КН-П-18-3513
035 _a(NLR Aleph) 011739401
035 _a(RuMoRGB)009583273
090 _a11570412
_c11570412
100 _a20180628d2018 k y0rusy50 ca
101 0 _arus
102 _aRU
105 _aa|||z|||000zy
200 1 _aМониторинг и прогнозирование технического состояния автономных электротехнических комплексов
_eмонография
_fА.В. Серебряков, А.С. Стеклов, В.Г. Титов
_gМинистерство образования и науки Российской Федерации, Федеральное государственное бюджетное образовательное учреждение высшего образования "Нижегородский государственный технический университет им. Р.Е. Алексеева"
210 _aНижний Новгород
_cНижегородский государственный технический университет им. Р.Е. Алексеева
_d2018
215 _a174 с.
_cил., табл.
_d21
300 _aВ вып. дан. 3-й авт.: Титов Владимир Геогриевич [т.е. Георгиевич]
320 _aБиблиогр.: с. 166-174 (106 назв.)
606 1 _aСудовые силовые установки
_91049517
_3RU\NLR\AUTH\6687414
606 1 _aСудовые электроэнергетические системы
_xМатематическое моделирование
_92590767
_3RU\NLR\AUTH\661531066
686 1 _aО462-01с116
700 1 _aСеребряков
_bА. В.
_gАртем Владимирович
701 1 _aСтеклов
_bА. С.
_gАлексей Сергеевич
701 1 _7ca
_8rus
_aТитов
_bВ. Г.
_cд-р техн. наук
_f1943-
_gВладимир Георгиевич
_9101513
_3RU\NLR\AUTH\77118588
942 _cBOOK
980 _aNBR
980 _aNB